| Tag |
First Indicator |
Second Indicator |
Subfields |
| LEADER |
00000cam a2200000 4500 |
| 001 |
in00000053056 |
| 005 |
20151007080420.0 |
| 008 |
720106s1951 eng u |
| 010 |
|
|
|a 51012306
|
| 035 |
|
|
|a (OCoLC)00191941
|
| 035 |
|
|
|9 AAF4779AM
|
| 040 |
|
|
|c WSU
|d CHS
|d TXA
|d UtOrBLW
|
| 049 |
|
|
|a TXAM
|c [203867]
|
| 090 |
|
|
|a BF173
|b .C27
|
| 092 |
|
|
|a 132
|b C182b
|
| 100 |
1 |
|
|a Cameron, Norman,
|d 1896-
|
| 245 |
1 |
0 |
|a Behavior pathology.
|
| 264 |
|
1 |
|a Boston :
|b Houghton Mifflin,
|c [1951]
|
| 300 |
|
|
|a 645 pages
|
| 336 |
|
|
|a text
|b txt
|2 rdacontent
|
| 337 |
|
|
|a unmediated
|b n
|2 rdamedia
|
| 338 |
|
|
|a volume
|b nc
|2 rdacarrier
|
| 504 |
|
|
|a Bibliographical footnotes.
|
| 650 |
|
0 |
|a Psychology, Pathological.
|
| 700 |
1 |
|
|a Magaret, Ann.
|
| 999 |
|
|
|a MARS
|
| 999 |
f |
f |
|s 4ea5ed4a-713e-3d68-a1d8-faeeddf7fb94
|i bd472cd9-d77b-3a24-9c5c-e33bf0b06d81
|t 0
|
| 952 |
f |
f |
|p ric
|a Texas A&M University
|b Rellis Campus
|c Joint Library Facility
|d Remote Storage
|t 0
|e BF173 .C27
|h Library of Congress classification
|i unmediated -- volume
|m A14800511309
|
| 998 |
f |
f |
|a BF173 .C27
|t 0
|l Remote Storage
|